Vývoj struktury zaměstnanosti v terciárnim sektoru průmyslove vyspělých zemí

Na minha lista:
Detalhes bibliográficos
Autor principal: Urbanová, Jana
Formato: Livro
Idioma:tcheco
Publicado em: Praha Ústředí vědeckých, technických a ekonomických informací 1988
Colecção:Prognostická studie
Tags: Adicionar Tag
Sem tags, seja o primeiro a adicionar uma tag!

MARC

LEADER 00000nam a2200000 4500
001 c026175
005 20251204114341.4
041 0 |a cze 
044 |a CZ 
245 1 0 |a Vývoj struktury zaměstnanosti v terciárnim sektoru průmyslove vyspělých zemí  |c Jana Urbanová 
264 1 |a Praha  |b Ústředí vědeckých, technických a ekonomických informací  |c 1988 
300 |a 42 s. 
490 1 |a Prognostická studie 
830 0 |a Prognostická studie 
100 1 |a Urbanová, Jana